00398pab a2200145 454500008004000000100001800040245005000058260000900108300001500117362001000132650003300142650002500175700001800200773003400218180718b2017 xxu||||| |||| 00| 0 eng d aSanga, Prerna aRegional divergence and inequalities in India c2017 ap.102-110. a7 Jan aRegional development - India aRegional development aShaban, Abdul aEconomic and Political Weekly